Sports Quiz

Random Sports or Olympics Quiz

2014 Canadian Olympic Gold Medallists Quiz Stats

Quiz not verified by Sporcle

Challenge
Share
Tweet
For team events, only one team member is necessary.
Score 0/10 Timer 05:00
0 Plays Today
Sport Gold Medallist % Correct
Ice Hockey - MenSidney Crosby, Jonathan Toews, Shea Weber, Carey Price...
94.7%
Short Track - Men's 1500 mCharles Hamelin
78.8%
Freestyle Skiing - Men's MogulsAlexandre Bilodeau
76.9%
Freestyle Skiing - Ladies' MogulsJustine Dufour-Lapointe
75.8%
Ice Hockey - WomenCaroline Ouellette, Jayna Hefford, Catherine Ward, Hayley Wickenheiser...
75.4%
Curling - WomenJennifer Jones, Kaitlyn Lawes, Jill Officer, Dawn McEwen
73.8%
Curling - MenBrad Jacobs, Ryan Fry, E.J. Harnden, Ryan Harnden
65%
Bobsleigh - Women'sKaillie Humphries, Heather Moyse
56.5%
Freestyle Skiing - Ladies' Ski SlopestyleDara Howell
50.6%
Freestyle Skiing - Ladies' Ski CrossMarielle Thompson
41.7%

You're not logged in!

Compare scores with friends on all Sporcle quizzes.
Join for Free
OR
Log In

You Might Also Like...

Show Comments

Extras

Top Quizzes Today


Score Distribution

Your Account Isn't Verified!

In order to create a playlist on Sporcle, you need to verify the email address you used during registration. Go to your Sporcle Settings to finish the process.

Report this User

Report this user for behavior that violates our Community Guidelines.

Details: